| 000 | 01181nab a2200205 i 4500 | ||
|---|---|---|---|
| 001 | 768714001 | ||
| 003 | CO-MdFUSB | ||
| 005 | 20240424125749.0 | ||
| 008 | 220805t2005 ck a|||| |||| 00| 0 spa d | ||
| 022 | _a14091968 | ||
| 040 |
_bspa _cCO-MdFUSB |
||
| 041 | _aspa | ||
| 100 |
_aWarren, Rick, _eautor |
||
| 245 | 1 |
_a¡Cometa al menos un error por semana! : _bcada líder y miembro de nuestras iglesias deben aprender a tomar riesgos por Cristo en sus ministerios. _c/ Rick Warren |
|
| 300 |
_aVolumen 22, número 3 (abril - junio, 2005), páginas: 8 - 9 _c; 27 cm |
||
| 520 | _a¿Estamos dispuestos a creerle a Dios por grandes cosas? si la respuesta es "si", entonces automáticamente nos convertimos en "socios" del riesgo, hombres y mujeres que confían en Dios y viven por la fe, no por la vista. Cuando enseñamos a nuestra gente a tomar riegos, estamos enseñándoles a desarrollar su fe en Dios. Si no nos arriesgamos en nuestros ministerios, entonces realmente no estamos ni ejercitando nuestra fe ni obrando con fe. | ||
| 650 | 0 |
_92014 _aLiderazgo |
|
| 773 | 0 |
_049442 _960138 _gVolumen 22, número 3 (abril - junio, 2005), páginas: 8 - 9 _qpágina: 8 |
|
| 942 | _cANA | ||
| 999 |
_c68041 _d68041 |
||